000
00290nam a2200121Ia 4500
008
230627s9999 xx 000 0 und d
041
_a
eng
082
_a
342.095
_b
JAG
100
_a
Jagdish Lal
245
_a
The Constitutional Of India
260
_b
Delhi Law House
_c
1978
300
_a
303p
999
_c
680913
_d
680913